Statistická ročenka Ministerstva průmyslu 1981 výsledky roku 1981 ve srovnání s rokem 1980

Uložené v:
Podrobná bibliografia
Médium: Kniha
Jazyk:Czech
Vydavateľské údaje: Praha Federální statistický úřad 1982
Tagy: Pridať tag
Žiadne tagy, Buďte prvý, kto otaguje tento záznam!

MARC

LEADER 00000nam a2200000 4500
001 c137521
005 20260129071818.1
041 0 |a cze 
044 |a CZ 
245 1 0 |a Statistická ročenka Ministerstva průmyslu 1981  |b výsledky roku 1981 ve srovnání s rokem 1980 
264 1 |a Praha  |b Federální statistický úřad  |c 1982 
300 |a 262 s.